LEADER 00963nam a2200229 i 4500 001 000000222861 003 CaOOAMICUS 005 20210422163910.0 008 130927n it u000 u ita u 013 $a201758 040 $aSeMil$bita 245 00$aMediator Dei :$benciclica di S. S. Pio 12. "Della liturgia", 20 novembre 1947. 264 1$aPadova :$bGregoriana,$c[194-?] 300 $a71 p. ;$c17 cm. 490 1 $aLa Parola del Papa ;$v25 650 4$aPio XII - Encicliche . Mediator Dei.$0(OLS)http://semarc/subject/12129 830 3$aLa parola del Papa ;$v25.$0(OLS)http://semarc/title/7551 850 $aSeMil 852 $aSeMil$W1$xVenegono$y1$m5B III 26/3 =$j173207$B173207$CSeMilBibl$Z2$F183501 $81 996 $6245$aMediator Dei :$benciclica di S. S. Pio 12. "Della liturgia", 20 novembre 1947$9(OLS)http://semarc/title/319584 996 $6264$aPadova :$bGregoriana$9(OLS)http://semarc/publisher/31482 LEADER 00984nam a2200241 i 4500 001 000000022345 003 CaOOAMICUS 005 20220311155308.0 008 180830s1997 it u000 u ita u 040 $aSeMil$bita 100 1 $aGahiz, 'Amr ibn Bahr al- <776-868>.$0(OLS)http://semarc/name/811 240 10$aal-Buhala'.$0(OLS)http://semarc/title/29800 245 14$aGli avari /$cGahiz ; traduzione, introduzione e note di Valentina Colombo. 264 1$aGenova :$bMarietti,$c1997. 300 $av. ;$c24 cm. 490 1 $aCorpus arabo islamico 650 4$aLetteratura araba - Sec. 8.-9.$0(OLS)http://semarc/subject/309 700 1 $aColombo, Valentina.$0(OLS)http://semarc/name/10024 774 0 $tTomo 1.$dGenova : Marietti, 1996.$z88-211-7859-5$w()189195 830 0$aCorpus arabo islamico.$0(OLS)http://semarc/title/7966 996 $6245$aGli avari$9(OLS)http://semarc/title/29799 996 $6264$aGenova :$bMarietti$9(OLS)http://semarc/publisher/29997